[Event "World Junior U20 Open 2018"]
[Site "Gebze"]
[Date "2018.09.12"]
[Round "8.37"]
[White "Murzin, Volodar"]
[Black "Priasmoro, Novendra"]
[Result "1/2-1/2"]
[WhiteElo "2349"]
[BlackElo "2498"]
[Annotator "TA"]
[PlyCount "136"]
[EventDate "2018.09.05"]
[EventType "swiss"]
[EventCountry "TUR"]
[SourceTitle "playchess.com"]
[Source "ChessBase"]
[SourceQuality "1"]

{[%evp 33,136,31,30,14,20,17,33,16,14,0,7,-17,-21,-16,-20,-20,-14,-47,-48,-37,-37,-45,-14,-29,0,0,0,-38,-41,-37,-38,-38,-36,-33,0,0,0,0,0,0,0,0,0,0,0,0,0,-6,-6,-6,-6,-31,-28,-34,-31,-52,-14,-13,0,0,0,0,0,0,0,0,0,0,0,0,0,0,0,0,0,0,88,0,0,0,0,0,0,0,0,0,0,0,11,23,120,54,145,155,172,177,153,0,59,0,144,0,70,0,126]} 1. e4 c5 2. Nf3 Nc6 3. d4 cxd4 4. Nxd4 g6 5. c4 Bg7 6. Be3 Nf6 7. Nc3 d6 8. Be2 O-O 9. f3 Bd7 10. Qd2 Nxd4 11. Bxd4 Bc6 12. O-O Nd7 13. Bxg7 Kxg7 14. Qd4+ {B38: Sicilian: Maroczy Bind with 5...Bg7 and 7...0-0} Kg8 15. Rfd1 a5 16. b3 Qb6 17. Qxb6 Nxb6 {LiveBook: 5 Games} 18. Kf2 (18. Rac1 Rac8 19. Kf2 f5 20. exf5 gxf5 21. f4 Nd7 22. Bd3 Nc5 {½-½ (71) Priyadharshan,K (2513)-Gorovets,A (2496) Saint Louis 2018}) 18... Rfc8 19. Rac1 Kg7 $146 ({Predecessor:} 19... Nd7 20. f4 Nc5 21. Ke3 Ra6 22. g4 Rb6 {½-½ (29) Andraschko,F (2079)-Mons,L (2296) Forchheim 2011}) 20. a3 Rc7 21. f4 h5 22. a4 Nd7 23. Bd3 Nc5 24. Bc2 h4 25. Ke3 Rd7 26. Rd2 Rad8 27. Rcd1 b6 28. Ne2 e5 29. Nc3 Kf6 30. Nd5+ (30. Rf1 {feels hotter.} Kg7 31. f5 Rh8 32. fxg6 fxg6 33. Rdf2) 30... Bxd5 31. Rxd5 Ke6 32. Rf1 f6 {[%cal Bf7f6,Bf6f5][%mdl 32]} 33. Bd1 {White wants to play fxe5.} f5 34. Bc2 Rf8 35. g3 hxg3 36. hxg3 Rh7 37. exf5+ gxf5 38. Rfd1 Rd7 39. Rh1 Rf6 40. g4 fxg4 41. f5+ $1 Ke7 42. Rh4 Kd8 43. Rxg4 Rh7 44. Rg6 Rh6 (44... Rh3+ {is more complex.} 45. Kf2 Rxg6 46. fxg6 Ke7 47. Kg2 Rh5) 45. Rd1 Ke7 46. Rxf6 Rxf6 $11 {[%mdl 4096] Endgame KRB-KRN} 47. Rh1 Kf8 48. Rh8+ Kg7 49. Rb8 Rh6 50. Rxb6 Rh2 51. Bd1 Rh3+ 52. Ke2 Rh2+ 53. Ke3 Rh3+ 54. Ke2 Nd3 (54... Rh2+ $11 55. Ke1 Rh1+ 56. Ke2 Rh2+) 55. Bc2 (55. Rxd6 $16 e4 56. Rd4) 55... Nf4+ 56. Kd2 Rh2+ 57. Kd1 Rh1+ 58. Kd2 Rh2+ 59. Kd1 d5 60. cxd5 {[#] aiming for d6.} Nxd5 61. Rg6+ Kf7 (61... Kh8 $11 {keeps the balance.}) 62. Bd3 $16 {Bc4 is the strong threat.} Nf6 {[#]} (62... Kf8 $14) 63. Bc4+ $1 Ke7 64. Rg7+ Kd6 65. Rg6 (65. Ra7 $16) 65... Ke7 $14 66. Rg7+ (66. Ke1 $14) 66... Kd6 $1 $16 67. Rg6 ({White should play} 67. Ra7 $16) 67... Ke7 $14 68. Rg7+ ({White should try} 68. Ke1 $14) 68... Kd6 $1 {Precision: White = 44%, Black = 60%.} 1/2-1/2

[Event "World Junior U20 Open 2018"]
[Site "Gebze"]
[Date "2018.09.12"]
[Round "8.38"]
[White "Kevlishvili, Robby"]
[Black "Wadsworth, Matthew J"]
[Result "0-1"]
[WhiteElo "2485"]
[BlackElo "2351"]
[Annotator "TA"]
[PlyCount "91"]
[EventDate "2018.09.05"]
[EventType "swiss"]
[EventCountry "TUR"]
[SourceTitle "playchess.com"]
[Source "ChessBase"]
[SourceQuality "1"]

{[%evp 21,91,34,34,39,42,42,27,35,36,29,64,16,10,-89,-80,-75,0,-14,-23,-25,20,-9,4,-85,-27,-170,-155,-202,-202,-201,-205,-192,-201,-236,-230,-245,-202,-293,-290,-503,-528,-519,-521,-526,-523,-516,-511,-504,-497,-499,-481,-445,-449,-627,-630,-560,-702,-706,-729,-706,-686,-870,-822,-742,-633,-1450,-1443,-1046,-1173,-29986,-29987,-29989]} 1. e4 c5 2. Nf3 e6 3. d4 cxd4 4. Nxd4 Nc6 5. Nc3 Qc7 6. Be3 a6 7. Qf3 {B48: Sicilian: Taimanov: 5 Nc3 Qc7 6 Be3 a6 without Be2} Ne5 (7... Nf6 8. O-O-O Ne5 9. Qg3 b5 10. a3 Bb7 11. Bxb5 Rc8 12. Ba4 Nxe4 13. Nxe4 Bxe4 14. Bf4 Qc4 15. Bxe5 Qxa4 {1-0 (38) Vachier Lagrave,M (2789)-Anand,V (2776) Karlsruhe/Baden-Baden 2018}) 8. Qg3 h5 {[%cal Bh7h5,Bh5h4][%mdl 32]} 9. O-O-O h4 10. Qh3 b5 11. f4 {[%cal Bf2f4,Bf4f5][%mdl 32]} Nc4 {LiveBook: 15 Games} 12. Bxc4 $1 Qxc4 13. f5 $146 ({Predecessor:} 13. Kb1 Bb7 14. f5 e5 {0-1 (47) Tokhirjonova,G (2284)-Malakhatko,V (2514) Chennai 2017}) 13... Bb7 14. Rhf1 e5 15. Nb3 $1 {[#] f6 is the strong threat.} Qc7 16. Kb1 Nf6 17. Qf3 (17. Nd5 $1 $11 {keeps the balance.} Bxd5 18. exd5) 17... Rc8 $17 18. Rf2 b4 (18... Qc4 $17 {[%cal Rf6e4]} 19. Na5 Bxe4 20. Nxc4 Bxf3 21. Rxf3 Rxc4) 19. Nd5 $11 Bxd5 20. exd5 Bd6 21. Re2 a5 $36 {[%cal Ba6a5,Ba5a4,Ba4a3][%mdl 2080] Black fights for an advantage.} 22. Nc1 {[#]} (22. Rc1 $11) 22... Kf8 (22... Rh5 $1 $17 23. Qf2 Qc4) 23. Bf2 (23. Bg5 $11 {and White is okay.}) 23... a4 $19 24. Be1 e4 25. Qe3 a3 26. b3 Rh5 27. Qh3 Qc5 28. Bf2 Qb5 29. Bd4 (29. c4 {was worth a try.} bxc3 30. Rc2) 29... Qxd5 30. g4 $2 (30. Red2 Be5 31. Qe3) 30... hxg3 $1 31. Qxh5 Nxh5 32. Bxg7+ Kxg7 33. Rxd5 gxh2 34. Rd1 Nf6 35. Rg2+ Kf8 36. Ne2 Rc5 {And now ...Nd5 would win.} 37. Ng3 Rc3 38. Ne2 Rh3 39. Rh1 Be5 40. Kc1 e3 41. Kd1 Ne4 42. Ke1 d5 43. Kf1 Rf3+ 44. Ke1 Rf2 45. Rg4 Nc3 46. Nd4 {Precision: White = 23%, Black = 81%.} 0-1

[Event "World Junior U20 Open 2018"]
[Site "Gebze"]
[Date "2018.09.12"]
[Round "8.39"]
[White "Sargsyan, Shant"]
[Black "Galperin, Platon"]
[Result "0-1"]
[WhiteElo "2477"]
[BlackElo "2348"]
[Annotator "TA"]
[PlyCount "76"]
[EventDate "2018.09.05"]
[EventType "swiss"]
[EventCountry "TUR"]
[SourceTitle "playchess.com"]
[Source "ChessBase"]
[SourceQuality "1"]

{[%evp 16,76,30,17,53,48,56,55,65,33,51,43,54,43,58,43,47,17,28,6,7,9,34,-10,-12,-56,-52,-45,-59,-32,-9,-66,0,0,0,0,0,0,37,0,-6,-18,-24,0,-22,-43,0,0,0,-590,-586,-562,-382,-382,-406,-382,-373,-385,-489,-854,-825,-791,-766]} 1. e4 e5 2. Nf3 Nc6 3. d4 exd4 4. Nxd4 Bc5 5. Nb3 Bb6 6. Nc3 Nge7 7. Bg5 {C45: Scotch Game} d6 (7... O-O 8. Qd2 f6 9. Be3 f5 10. Bxb6 axb6 11. exf5 Rxf5 12. f4 Na5 13. Nd4 Rf8 14. O-O-O d5 {0-1 (63) Cheparinov,I (2681)-Inarkiev,E (2666) Kocaeli 2014}) 8. Qd2 Be6 9. O-O-O {LiveBook: 4 Games. White has an edge.} f6 10. Be3 O-O 11. Kb1 $146 ({Predecessor:} 11. f4 Na5 12. Nd5 Nxb3+ 13. axb3 Re8 14. Nxe7+ Qxe7 15. Bd3 d5 16. Bxb6 axb6 17. Kb1 dxe4 18. Bxe4 Ra7 19. Bd5 Rea8 20. c4 c6 {½-½ (20) Rosenzweig,V (2121)-Soukal,R (2108) Czechia 2009}) 11... Qe8 12. Nd5 Rc8 13. f3 Bxe3 14. Qxe3 Bf7 {[#] aiming for ...Nxd5.} 15. Nc3 Rd8 16. Nb5 Qd7 17. Nxa7 Nxa7 18. Qxa7 b5 19. Qd4 Ra8 20. a3 Rfb8 $1 21. Qc3 b4 22. axb4 {Black must now prevent b5.} Qa4 23. Bc4 (23. b5 $1 $11) 23... d5 ({Better is} 23... Rxb4 $15 24. Bxf7+ Kxf7) 24. Bxd5 $11 Nxd5 25. exd5 Rxb4 26. Qc6 $1 {[%cal Rc6a4]} ({Wrong is} 26. Kc1 $2 Rc4 $19) 26... Qa2+ 27. Kc1 {Hoping for Rhe1.} Bg6 $36 {[%mdl 2048] Black is pushing.} 28. Qc3 ({Avoid the trap} 28. Qxc7 $2 Rxb3 29. Kd2 Rxb2 $19) 28... Rab8 {[%cal Ba8b8,Bb8c8,Bc8c3][%mdl 32]} 29. d6 $1 {[%cal Rd6c7]} cxd6 $1 {[#] Threatens to win with ...Bxc2!} 30. Rhe1 $1 Qa6 (30... Bf7 $5 {[%cal Rb4c4]} 31. Re4 R4b5 $15) 31. Rd4 R4b5 32. Kd2 $2 {[%mdl 8192]} (32. Red1 $11 {and White is okay.} Rc8 33. Rc4) 32... Rc8 $19 33. Ra1 Rxc3 34. Rxa6 Rxc2+ 35. Kd1 Rxb3 36. Raxd6 {intending Rd8+.} h5 37. Rd8+ (37. Rd2 $142 Rcxb2 38. Ke1) 37... Kh7 38. Rd2 Rbxb2 {Precision: White = 47%, Black = 60%.} 0-1

[Event "World Junior U20 Open 2018"]
[Site "Gebze"]
[Date "2018.09.12"]
[Round "8.40"]
[White "Tutisani, Noe"]
[Black "Shailesh, Dravid"]
[Result "1/2-1/2"]
[WhiteElo "2471"]
[BlackElo "2325"]
[Annotator "TA"]
[PlyCount "157"]
[EventDate "2018.09.05"]
[EventType "swiss"]
[EventCountry "TUR"]
[SourceTitle "playchess.com"]
[Source "ChessBase"]
[SourceQuality "1"]

{[%evp 24,157,23,32,18,27,28,27,36,8,12,8,13,0,-3,-22,18,19,24,17,23,0,0,0,0,0,0,0,0,0,0,-21,-8,-7,0,0,0,0,0,0,0,0,0,0,0,0,0,0,2,0,0,0,3,7,16,0,3,0,0,-11,0,-27,-16,-38,-38,-48,-26,-38,-38,-38,-38,-83,-55,-174,-17,-26,0,0,0,-16,-16,-16,0,-16,-17,-39,-7,-12,0,0,0,0,0,0,0,0,0,0,0,0,0,0,43,70,166,0,0,0,0,0,0,0,0,0,104,105,222,237,182,31,32,39,52,0,9,0,84,25,85,79,65,0,10,0,36,0]} 1. e4 c5 2. Nf3 d6 3. d4 Nf6 4. Nc3 cxd4 5. Nxd4 a6 6. h3 e6 7. g4 h6 8. Bg2 Be7 {B81: Sicilian Scheveningen: Keres Attack} 9. Be3 Nc6 10. f4 Nd7 {[%cal Bf6d7,Bd7e5,Be5c4,Bc4b2][%mdl 32]} 11. O-O O-O 12. Nce2 {[%cal Bc3e2,Be2d4,Bd4f5][%mdl 32]} Nxd4 13. Nxd4 {LiveBook: 7 Games} e5 14. Nf5 exf4 15. Bxf4 Ne5 16. Qd2 Bxf5 17. exf5 {[#]} Rc8 $146 18. Kh1 Nc4 19. Qe2 Re8 20. Rae1 Qd7 21. Qf3 b5 22. Qb7 Rc7 23. Qxa6 Nxb2 24. f6 Bxf6 {Threatens to win with ...Be5.} 25. Qxd6 Rec8 26. Qxd7 Rxd7 27. Be5 Bxe5 28. Rxe5 Nc4 29. Rxb5 Ne3 30. Rf2 Ra7 31. Be4 Rxa2 32. Rb7 Ra1+ 33. Kh2 Nf1+ 34. Kg2 Ne3+ 35. Kg3 Nf1+ 36. Kg2 Ne3+ 37. Kg3 Nf1+ 38. Kf3 Re8 39. h4 Re1 40. Bd3 Ne3 41. Rb4 g6 {[%cal Bg7g6,Bg6g5][%mdl 32]} 42. h5 g5 43. Rd2 Re6 44. Be2 Nd5 45. Rb8+ Kg7 {...Nf4 is the strong threat.} 46. Kf2 Rh1 47. Kg2 Rc1 {[#] And now ...Nf4+ would win.} 48. Kf2 (48. Bf3 $15 Ne3+ 49. Kf2) 48... Nf4 $2 ({Black should play} 48... Nc3 $19 {Strongly threatening ...Ne4+.} 49. Bd3 Ne4+ 50. Bxe4 Rxe4) 49. Bd1 Nh3+ 50. Kg2 Re3 51. Rb3 Nf4+ 52. Kf2 Re6 53. Re3 Rf6 {White should prevent ...Nxh5+.} 54. Ke1 Ra6 55. Re7 Rb1 56. Rdd7 Rf6 57. Kd2 Ng2 58. c4 Rf2+ 59. Kc3 Rc1+ 60. Kb4 Rf4 61. Be2 Ne1 62. Kc5 Nc2 63. Bd3 Ne1 (63... Na3 $14) 64. Be2 $2 (64. Be4 $18) 64... Nc2 $11 65. Rd1 (65. Rd5 {looks sharper.} Rg1 66. Re8 Rg3 67. Rd2 Rc3 68. Rdd8) 65... Rxd1 66. Bxd1 {[%mdl 4096] Endgame KRB-KRN} Nd4 67. Rd7 Ne6+ 68. Kb5 Rf2 (68... Kf6 $11) 69. c5 $16 Rb2+ (69... Kf6 $16) 70. Kc4 $18 Rb1 {With the idea ...Rc1+.} 71. Bc2 $2 ({White must play} 71. c6 $18) 71... Rc1 $14 72. Rd2 {Black must now prevent c6.} Kf6 $1 73. c6 {aiming for Kb5.} Ke5 74. Rd5+ Kf6 (74... Kf4 $11 75. Kc3 Kxg4) 75. Kb3 (75. Kc3 $16) 75... Ra1 {[#]} (75... Re1 $1 $11) 76. Kb4 $1 $16 Rc1 77. Kb3 (77. Be4 $14) 77... Ra1 $11 78. Bf5 {Hoping for Kb4.} Rc1 79. Bc2 {Precision: White = 39%, Black = 52%.} 1/2-1/2

[Event "World Junior U20 Open 2018"]
[Site "Gebze"]
[Date "2018.09.12"]
[Round "8.41"]
[White "Makhnev, Denis"]
[Black "Nastase, Robert-Paul"]
[Result "1-0"]
[WhiteElo "2449"]
[BlackElo "2313"]
[Annotator "TA"]
[PlyCount "71"]
[EventDate "2018.09.05"]
[EventType "swiss"]
[EventCountry "TUR"]
[SourceTitle "playchess.com"]
[Source "ChessBase"]
[SourceQuality "1"]

{[%evp 12,71,36,13,11,21,17,18,17,18,18,16,24,22,46,41,33,33,30,5,6,-18,46,40,48,18,75,36,30,27,41,28,142,144,291,291,285,307,293,304,277,302,311,294,285,266,268,272,274,273,271,261,267,259,322,322,345,291,516,506,495,491]} 1. d4 e6 2. c4 Nf6 3. Nf3 b6 4. g3 Ba6 5. b3 b5 6. cxb5 {E15: Queen's Indian: 4 g3 sidelines, 4 g3 Ba6 and 4 g3 Bb7 early deviations} (6. Bg2 bxc4 7. Ne5 Bb4+ 8. Bd2 cxb3 9. axb3 Bxd2+ 10. Qxd2 c6 11. O-O O-O 12. Nc3 Nd5 13. Ne4 Qe7 14. Rfc1 d6 15. Nxc6 Nxc6 16. Rxa6 {1-0 (47) Korobov,A (2652)-Ivanchuk,V (2726) Huaian 2017}) 6... Bxb5 7. Ba3 {LiveBook: 7 Games} (7. Bg2 {is interesting.} Bb4+ 8. Bd2 a5 9. Ne5 Ra6 10. O-O) 7... Bxa3 8. Nxa3 {The position is equal.} Bc6 9. Bg2 a5 10. O-O O-O 11. Nc4 Qc8 12. Qd2 Ne4 $146 ({Predecessor:} 12... Qa6 13. a4 Bd5 14. Rfc1 Nc6 15. Nfe5 Bxg2 16. Kxg2 Nb4 {½-½ (25) Peng,Z (2403)-Maric,A (2443) Istanbul 2000}) 13. Qc2 Nf6 14. Rac1 Ra7 15. Qd2 Qa6 16. Rfe1 Ne4 ({Better is} 16... a4 $11) 17. Qf4 $36 {[%mdl 2048] White is more active.} d6 18. h4 f5 (18... Qb7 $11 {keeps the balance.}) 19. g4 fxg4 20. Qxg4 Qc8 21. Bh3 Rf6 (21... Kh8 $11) 22. Ng5 $16 Rg6 {[#]} (22... Nxg5 $16 {was necessary.} 23. hxg5 Rg6) 23. Qxe6+ $1 $18 {[%mdl 512]} Qxe6 (23... Rxe6 24. Bxe6+) 24. Bxe6+ Kf8 25. Bf5 Rh6 {...Nxg5 is the strong threat.} 26. Bxe4 ({Don't play} 26. Nxe4 g6 $18) 26... Bxe4 27. Nxe4 d5 28. Ng3 dxc4 29. Rxc4 Rxh4 30. Rec1 Na6 31. e3 Rg4 32. Kg2 Ke7 33. Rh1 h6 34. Rh5 Nb4 $2 {[#]} (34... Nb8 {was worth a try.} 35. Re5+ Kd8 36. Rd5+ Kc8) 35. a3 Nd3 36. Kf3 {Precision: White = 63%, Black = 43%.} 1-0

[Event "World Junior U20 Open 2018"]
[Site "Gebze"]
[Date "2018.09.12"]
[Round "8.42"]
[White "Pigeat, Alexandre"]
[Black "Sibashvili, Giorgi"]
[Result "1-0"]
[WhiteElo "2347"]
[BlackElo "2425"]
[Annotator "TA"]
[PlyCount "129"]
[EventDate "2018.09.05"]
[EventType "swiss"]
[EventCountry "TUR"]
[SourceTitle "playchess.com"]
[Source "ChessBase"]
[SourceQuality "1"]

{[%evp 19,129,0,16,-10,-3,-6,14,20,26,0,0,0,2,2,4,-75,-69,-106,-108,-91,-37,-40,-42,-34,-32,-43,-36,-38,-7,-74,-70,-77,-81,-95,-65,-89,-56,-67,-43,-62,12,15,25,-46,0,0,0,0,0,0,0,0,0,0,0,0,11,-416,-405,-415,-406,-1190,-1089,-948,-160,-134,0,0,0,0,0,0,561,0,0,0,436,405,752,675,6111,6051,5965,5545,1303,952,1218,426,5085,5085,5077,5069,2583,1766,7286,6516,29962,29961,5394,829,770,747,2638,1616,29977,29978,29976,1215,1147,1056,29977,29974]} 1. d4 e6 2. c4 Bb4+ 3. Nc3 c5 4. a3 Bxc3+ 5. bxc3 Nf6 6. e3 d5 7. Bd3 O-O 8. cxd5 exd5 9. Ne2 b6 10. O-O Ba6 11. Bc2 {E49: Nimzo-Indian: Rubinstein: 5 Bd3 d5 6 a3 Bxc3+ 7 bxc3} (11. f3 Re8 12. Ng3 Bxd3 13. Qxd3 Nc6 14. Bb2 h5 15. Rae1 h4 16. Nf5 h3 17. gxh3 Ne7 18. dxc5 bxc5 19. c4 dxc4 20. Nxe7+ Qxe7 21. Qxc4 Rab8 22. Rf2 {0-1 (40) Navara,D (2740)-Alekseev,E (2616) Katowice 2017}) 11... Nc6 12. Re1 Rc8 13. Ng3 {The position is equal.} Re8 14. dxc5 $146 ({Predecessor:} 14. Bf5 Rc7 15. f3 h5 16. Bb1 g6 17. e4 h4 {0-1 (38) Manukyan,S (2247)-Mikaelyan,A (2444) Yerevan 2016}) 14... bxc5 15. e4 Nxe4 16. Nxe4 dxe4 17. Be3 (17. Qxd8 $11 Rcxd8 18. Bg5) 17... Qf6 $17 18. Ba4 Red8 ({Much weaker is} 18... Qxc3 $6 19. Rc1 $11) 19. Qg4 Ne5 (19... Bd3 $1 $17 20. Qg5 Qxg5 21. Bxg5 f6) 20. Qxe4 $15 Nd3 21. Red1 Qxc3 22. Qe7 Qa5 23. Bc2 Qc7 24. Qe4 (24. Qxc7 $11 Rxc7 25. Rac1) 24... c4 25. h4 Qd7 {Strongly threatening ...Bb7.} 26. h5 Bb7 27. Qh4 Qd5 {[%csl Gb7][%cal Rd5g2]} 28. Qg4 f5 29. Qg3 Rc6 (29... h6 $15) 30. Rab1 $11 Ba6 31. Bg5 ({Better is} 31. Rb8 $1 $11 Rcc8 32. Rdb1 (32. Rxc8 Rxc8 33. h6 g6 $15)) 31... Rf8 (31... f4 $5 32. Bxf4 Qxh5 $17) 32. Rb8 Rxb8 33. Qxb8+ Rc8 {[%cal Bc6c8,Bc8e8,Be8e6][%mdl 32]} 34. Qxa7 Bb7 {[%csl Gb7][%cal Rd5g2]} 35. f3 h6 $1 $36 {[%cal Rh6g5][%mdl 2048] Black has good play.} 36. Bh4 Re8 37. Qb6 Kh8 {Threatens to win with ...Re2.} 38. Qg6 $2 {[%mdl 8192]} (38. Bf2 $11 {and White has nothing to worry.}) 38... Re6 $1 $19 39. Qg3 Re2 40. Bb1 (40. Ba4 $142 Qd4+ 41. Kh1) 40... Qd4+ 41. Kf1 f4 $2 (41... Ba6 $19 {aiming for ...c3!} 42. Qb8+ Kh7) 42. Qg6 $17 {[#]} Bxf3 (42... Rf2+ $1 $17 {[%mdl 512]} 43. Kg1 (43. Bxf2 Qxf2#) 43... Rxf3+ 44. Kh2 Re3) 43. Rxd3 $1 $11 cxd3 44. gxf3 Re3 (44... Rh2 $5 45. Qe8+ $8 Kh7 46. Qg6+ Kh8 47. Qe8+ Kh7 48. Qg6+ Kh8 $11) 45. Bf2 Qa1 $2 {[%mdl 8192] [#]} (45... Rxf3 $11 {and Black is okay.} 46. Qe8+ Kh7 47. Qg6+ Kh8 48. Qe8+ Kh7 49. Qg6+ Kh8) 46. Bxe3 $2 (46. Qb6 $1 $18) 46... Qxb1+ 47. Kg2 Qc2+ $2 {[%mdl 8192]} (47... fxe3 $11 48. Qe8+ Kh7 49. Qg6+ Kh8 50. Qe8+ Kh7 51. Qg6+ Kh8) 48. Bf2 $18 Qe2 {[#]} (48... Qc3 $142 49. Qe8+ Kh7) 49. Qa6 $1 Qd1 50. Qa8+ Kh7 51. Qe4+ Kh8 52. Qe8+ Kh7 53. Qe1 (53. Bd4 $142 {White wants to mate with Qg6+.} Qc2+ 54. Kh3) 53... Qc2 (53... Qa4 $142 54. Qe5 Qc4 55. Qf5+ Kg8) 54. Qe4+ Kh8 55. a4 Qb3 56. Qxf4 Qc2 57. Qe4 Qb3 58. Qe8+ Kh7 59. Qg6+ Kg8 60. Be3 Qa2+ 61. Kg3 Qe2 62. Qe6+ Kh8 63. Qe8+ Kh7 64. Qe4+ Kh8 {[#]} 65. Bxh6 $1 {Precision: White = 51%, Black = 28%.} 1-0

[Event "World Junior U20 Open 2018"]
[Site "Gebze"]
[Date "2018.09.12"]
[Round "8.43"]
[White "Zarubitski, Viachaslau"]
[Black "Amartuvshin, Ganzorig"]
[Result "1-0"]
[WhiteElo "2425"]
[BlackElo "2280"]
[Annotator "TA"]
[PlyCount "127"]
[EventDate "2018.09.05"]
[EventType "swiss"]
[EventCountry "TUR"]
[SourceTitle "playchess.com"]
[Source "ChessBase"]
[SourceQuality "1"]

{[%evp 14,127,17,20,50,45,58,31,40,28,85,85,85,85,85,83,83,82,78,84,88,62,133,77,75,85,73,84,72,75,75,33,79,42,154,151,154,161,145,158,165,170,183,55,60,52,56,61,55,60,124,109,167,163,158,152,162,139,225,218,464,455,369,426,407,254,250,254,604,598,439,257,212,232,226,232,257,254,430,396,438,438,438,436,436,422,431,425,405,415,454,426,431,447,412,368,368,372,556,530,431,396,1791,1720,5708,5663,5089,4727,29974,29975,29975,29978,29981,29982,29983,29984]} 1. d4 Nf6 2. Nf3 g6 3. Bf4 Bg7 4. c3 O-O 5. h3 d6 6. e3 c5 7. dxc5 {A48: 1 d4 Nf6 2 Nf3 g6: Torre, London and Colle Systems} dxc5 8. Nbd2 {LiveBook: 15 Games} Bf5 $146 ({Predecessor:} 8... Nc6 9. Be2 Bf5 10. O-O Qc8 11. Qb3 b6 12. Rfd1 Qb7 13. Nc4 Rad8 14. Nfe5 Nxe5 15. Nxe5 {½-½ (45) Bu,X (2695)-Ding,L (2749) Danzhou 2015}) 9. Qb3 {White is slightly better.} Nbd7 10. Rd1 Qc8 11. a4 {[%cal Ba2a4,Ba4a5][%mdl 32]} Nb6 (11... Ne4 $11 {keeps the balance.}) 12. a5 $16 Be6 13. c4 Nbd7 14. Ng5 Nb8 15. Nxe6 Qxe6 16. Qxb7 Nc6 17. Be2 a6 {[#]} (17... Rfb8 $14 18. Bxb8 Rxb8) 18. Bf3 (18. Nb3 $142 $1) 18... Ne5 19. Bxe5 Qxe5 20. O-O Rfb8 21. Qc6 Ra7 22. b3 Bh6 23. Rb1 Qc3 (23... e6 $14) 24. Qxc5 Rd7 25. Ne4 Nxe4 26. Bxe4 e6 27. Rfc1 Qf6 28. Rd1 (28. Qc6 $18 Rd2 29. Bf3 (29. Qxa6 Qxf2+ 30. Kh1 Bxe3 $15)) 28... Bf8 $14 29. Qc6 Rxd1+ 30. Rxd1 Rxb3 31. Qxa6 Rb2 {[#]} ({Black should play} 31... Qe5 $1 $14) 32. Bf3 $1 $16 Qc3 (32... Qe5 $16) 33. Qa8 $18 Kg7 34. a6 Bc5 35. Qc6 Qa5 (35... Qe5 $16) 36. Qe4 {Threatens to win with Qe5+.} Be7 $2 (36... Qc7 37. Rd7 Qxd7 38. Qe5+ Kg8 39. Qxb2 Qc7) 37. Rd7 Qa1+ 38. Bd1 Qxa6 39. Qe5+ ({Not} 39. Rxe7 Qd6 $16) 39... Bf6 40. Qc7 Rb1 $2 (40... Kg8 41. Rxf7 Rd2) 41. Rxf7+ Kg8 42. Rxf6 (42. Rd7 $142) 42... Rxd1+ {[%mdl 4096] Endgame KQR-KQR} 43. Kh2 {Intending Qf7+ and mate.} Qd6+ 44. Qxd6 Rxd6 {KR-KR} 45. Rf4 Kg7 $2 (45... Rd1 46. Kg3 Kg7) 46. c5 Rc6 47. Rc4 Kf6 48. Kg3 Ke5 49. Rc2 Kf5 50. Kf3 Ke5 51. Kg4 Ke4 52. Rc3 h6 53. h4 Ke5 54. Kf3 Kd5 55. Ke2 Ke4 (55... e5 {is a better defense.} 56. Kf3 Rf6+ 57. Kg4 Kc6) 56. f3+ Kd5 57. Kd3 Ke5 $2 (57... Rc8 58. e4+ Ke5) 58. Kc4 Kf6 59. Kb5 Rc8 60. c6 {[%cal Bc5c6,Bc6c7][%mdl 32]} g5 61. hxg5+ {White mates.} Kxg5 62. c7 Kh4 63. Kc6 Kg3 64. Rc2 {Precision: White = 78%, Black = 34%.} 1-0